[Event "NOR-ch Youth 2019"]
[Site "Skien"]
[Date "2019.11.10"]
[Round "7.7"]
[White "Vitenberg, Noam Aviv"]
[Black "Nilsen, Tobias Lang"]
[Result "1-0"]
[WhiteElo "2246"]
[BlackElo "2016"]
[Annotator "NA"]
[PlyCount "103"]
[EventDate "2019.11.08"]
[EventType "swiss"]
[EventCountry "NOR"]
[SourceTitle "playchess.com"]
[Source "ChessBase"]
[SourceQuality "1"]
[TimeControl "5400+30"]

1. Nf3 {[%emt 0:08:36]} Nf6 {[%emt 0:00:07]} 2. c4 {[%emt 0:00:10]} e6 {[%emt 0:01:42]} 3. Nc3 {[%emt 0:00:08]} d5 {[%emt 0:01:05]} 4. d4 {[%emt 0:00:12]} Bb4 {[%emt 0:01:23]} 5. cxd5 {[%emt 0:00:21]} exd5 {[%emt 0:00:33]} 6. Bg5 {[%emt 0:00:13]} O-O {[%emt 0:03:50]} 7. e3 {[%emt 0:01:17]} h6 {[%emt 0:00:34]} 8. Bh4 {[%emt 0:01:00]} Bf5 {[%emt 0:05:57]} 9. Qb3 {[%emt 0:04:20]} Nc6 {[%emt 0:08:42]} 10. Be2 {[%emt 0:02:41]} g5 {[%emt 0:03:42]} 11. Bg3 {[%emt 0:02:58]} Ne4 $11 {[%emt 0:01:18]} 12. O-O {[%emt 0:15:17]} Bxc3 {[%emt 0:14:37]} 13. bxc3 {[%emt 0:00:34]} Na5 {[%emt 0:00:21]} 14. Qb4 {[%emt 0:07:33]} b6 {[%emt 0:01:08]} 15. Ne5 {[%emt 0:04:43]} Re8 {[%emt 0:07:02]} 16. Rfd1 {[%emt 0:06:50]} Qe7 {[%emt 0:06:20]} 17. Rac1 {[%emt 0:02:15]} Rac8 {[%emt 0:02:11]} 18. Ba6 {[%emt 0:08:40]} c5 {[%emt 0:01:30]} 19. Qa3 {[%emt 0:00:46]} Rcd8 {[%emt 0:00:50]} 20. Bb5 {[%emt 0:01:38]} Rf8 {[%emt 0:00:13]} 21. Be2 {[%emt 0:06:54]} Qf6 {[%emt 0:07:02]} 22. Nd3 {[%emt 0:07:52]} Nxg3 {[%emt 0:05:04]} 23. hxg3 {[%emt 0:00:23]} Nc4 {[%emt 0:00:17]} 24. Qa6 {[%emt 0:01:55]} cxd4 {[%emt 0:05:04]} 25. cxd4 {[%emt 0:01:20]} Qe7 {[%emt 0:00:35]} 26. Qb5 {[%emt 0:04:13]} Rfe8 {[%emt 0:01:20]} 27. Bf1 {[%emt 0:02:42]} a5 {[%emt 0:13:33]} 28. Qb3 {[%emt 0:01:10]} Rc8 {[%emt 0:00:50]} 29. Nb2 {[%emt 0:02:31]} Nxb2 {[%emt 0:00:18]} 30. Qxb2 {[%emt 0:00:06]} Qd6 {[%emt 0:00:14]} 31. Qb5 {[%emt 0:01:14]} Bd7 {[%emt 0:00:39]} 32. Qb3 {[%emt 0:01:01]} Rxc1 {[%emt 0:01:51]} 33. Rxc1 {[%emt 0:00:34]} Rc8 {[%emt 0:00:11]} 34. Rb1 {[%emt 0:00:25]} Rb8 {[%emt 0:00:07]} 35. Bb5 {[%emt 0:00:24]} Bf5 {[%emt 0:00:47]} 36. Bd3 {[%emt 0:00:39]} Bd7 {[%emt 0:00:44]} 37. Be2 {[%emt 0:00:37]} Bf5 {[%emt 0:02:14]} 38. Rb2 {[%emt 0:00:40]} Be6 {[%emt 0:00:41]} 39. Bf3 {[%emt 0:00:39]} g4 {[%emt 0:00:14]} 40. Bd1 {[%emt 0:00:29]} h5 {[%emt 0:00:50]} 41. Qd3 {[%emt 0:00:31]} f5 {[%emt 0:00:42]} 42. Rc2 {[%emt 0:01:09]} Rc8 {[%emt 0:01:12]} 43. Rxc8+ {[%emt 0:00:13]} Bxc8 {[%emt 0:00:05]} 44. Bb3 {[%emt 0:00:09]} Be6 {[%emt 0:00:44]} 45. Qb5 {[%emt 0:00:48]} Kf7 {[%emt 0:00:32]} 46. Ba4 {[%emt 0:00:24]} Qd8 {[%emt 0:01:26]} 47. Qc6 {[%emt 0:00:24]} h4 {[%emt 0:01:26]} 48. gxh4 Qxh4 {[%emt 0:00:28]} 49. Qe8+ {[%emt 0:01:16]} Kg7 {[%emt 0:00:24]} 50. Qxe6 {[%emt 0:00:10]} g3 {[%emt 0:00:07]} 51. fxg3 {[%emt 0:00:12]} Qxg3 {[%emt 0:00:12]} 52. Qe5+ {[%emt 0:00:11]} 1-0

[Event "NOR-ch Youth 2019"]
[Site "Skien"]
[Date "2019.11.10"]
[Round "7.8"]
[White "Gjestemoen-VonHirsch, Andre"]
[Black "Melaa, Sondre"]
[Result "0-1"]
[WhiteElo "1967"]
[BlackElo "2234"]
[Annotator "NA"]
[PlyCount "114"]
[EventDate "2019.11.08"]
[EventType "swiss"]
[EventCountry "NOR"]
[SourceTitle "playchess.com"]
[Source "ChessBase"]
[SourceQuality "1"]
[TimeControl "5400+30"]

1. e4 {[%emt 0:00:28]} e5 {[%emt 0:00:00]} 2. Nf3 {[%emt 0:00:04]} Nc6 {[%emt 0:00:00]} 3. d4 {[%emt 0:00:03]} exd4 {[%emt 0:00:00]} 4. Nxd4 {[%emt 0:00:03]} Nf6 {[%emt 0:00:05]} 5. Nxc6 {[%emt 0:00:04]} bxc6 {[%emt 0:00:05]} 6. e5 {[%emt 0:00:03]} Qe7 {[%emt 0:00:10]} 7. Qe2 {[%emt 0:00:04]} Nd5 {[%emt 0:00:11]} 8. h4 {[%emt 0:00:04]} f6 {[%emt 0:14:54]} 9. c4 {[%emt 0:00:16]} Ba6 {[%emt 0:02:51]} 10. Rh3 {[%emt 0:00:27]} Nb6 {[%emt 0:05:16]} 11. exf6 {[%emt 0:17:12]} Qxe2+ {[%emt 0:00:24]} 12. Bxe2 {[%emt 0:00:07]} gxf6 {[%emt 0:12:19]} (12... Bxc4 $11 {remains equal.} 13. fxg7 Bxg7) 13. Bh5+ {[%emt 0:01:32]} Kd8 {[%emt 0:00:13]} 14. b3 $11 {[%emt 0:00:31]} Bd6 {[%emt 0:07:58]} 15. Bb2 {[%emt 0:01:14]} Be5 {[%emt 0:01:11]} 16. Bxe5 {[%emt 0:02:03]} fxe5 {[%emt 0:00:06]} 17. Re3 {[%emt 0:00:07]} d6 {[%emt 0:01:47]} 18. Nc3 {[%emt 0:00:17]} Kc8 {[%emt 0:14:22]} 19. O-O-O {[%emt 0:04:45]} c5 {[%emt 0:02:46]} 20. Rg3 {[%emt 0:03:41]} Bb7 {[%emt 0:00:50]} 21. Rg7 {[%emt 0:06:07]} Bc6 {[%emt 0:00:42]} 22. Bg4+ {[%emt 0:01:32]} Kb7 {[%emt 0:03:16]} 23. Rxd6 {[%emt 0:18:01]} Rag8 {[%emt 0:06:02]} 24. Rxc6 {[%emt 0:00:25]} Rxg7 {[%emt 0:02:03]} 25. Bf3 {[%emt 0:00:13]} Kb8 {[%emt 0:00:49]} 26. Ne4 {[%emt 0:00:36]} Nd7 {[%emt 0:02:47]} 27. Nxc5 {[%emt 0:00:38]} Nxc5 {[%emt 0:00:14]} 28. Rxc5 {[%emt 0:00:08]} Re8 {[%emt 0:02:15]} 29. Be4 {[%emt 0:02:07]} a6 {[%emt 0:07:28]} 30. Rc6 {[%emt 0:02:16]} Ka7 {[%emt 0:00:24]} 31. Kd2 {[%emt 0:03:07]} Rd8+ {[%emt 0:01:32]} 32. Ke3 {[%emt 0:01:57]} Rd1 {[%emt 0:00:34]} 33. b4 {[%emt 0:00:32]} Re1+ {[%emt 0:01:29]} 34. Kd3 {[%emt 0:00:16]} Rd7+ {[%emt 0:01:42]} 35. Bd5 {[%emt 0:00:02]} Ra1 {[%emt 0:00:19]} 36. Ke4 {[%emt 0:01:09]} Rxa2 {[%emt 0:02:19]} 37. Kxe5 {[%emt 0:00:18]} Rxf2 {[%emt 0:00:30]} 38. Rf6 {[%emt 0:03:42]} Re7+ {[%emt 0:01:50]} 39. Re6 {[%emt 0:00:37]} Re2+ {[%emt 0:00:15]} 40. Kf6 {[%emt 0:00:04]} R7xe6+ {[%emt 0:00:09]} 41. Bxe6 {[%emt 0:00:06]} Rxg2 {[%emt 0:00:08]} 42. Bf5 {[%emt 0:00:16]} h6 {[%emt 0:01:45]} 43. Bg6 {[%emt 0:00:18]} Rg4 {[%emt 0:04:46]} 44. h5 {[%emt 0:00:06]} Rxc4 {[%emt 0:01:43]} 45. Kg7 {[%emt 0:00:05]} Rxb4 {[%emt 0:00:04]} 46. Kxh6 {[%emt 0:00:04]} a5 {[%emt 0:00:09]} 47. Kg5 {[%emt 0:00:43]} a4 {[%emt 0:01:21]} 48. h6 {[%emt 0:00:06]} a3 {[%emt 0:01:11]} 49. h7 {[%emt 0:00:03]} Rb8 {[%emt 0:00:17]} 50. Bf7 {[%emt 0:00:04]} Rh8 {[%emt 0:00:22]} 51. Kg6 {[%emt 0:00:24]} Kb6 {[%emt 0:00:47]} 52. Kg7 {[%emt 0:00:03]} Rxh7+ {[%emt 0:00:07]} 53. Kxh7 {[%emt 0:00:01]} Kb5 {[%emt 0:00:27]} 54. Kg6 {[%emt 0:00:05]} c5 {[%emt 0:00:06]} 55. Ba2 {[%emt 0:00:04]} c4 {[%emt 0:00:21]} 56. Kf5 {[%emt 0:00:04]} c3 {[%emt 0:00:05]} 57. Bb1 {[%emt 0:00:09]} c2 {[%emt 0:00:11]} 0-1

[Event "NOR-ch Youth 2019"]
[Site "Skien"]
[Date "2019.11.10"]
[Round "7.9"]
[White "Kvendseth, Thyra"]
[Black "Sjoberg, Isak"]
[Result "1/2-1/2"]
[WhiteElo "1868"]
[BlackElo "2247"]
[Annotator "NA"]
[PlyCount "117"]
[EventDate "2019.11.08"]
[EventType "swiss"]
[EventCountry "NOR"]
[SourceTitle "playchess.com"]
[Source "ChessBase"]
[SourceQuality "1"]
[TimeControl "5400+30"]

1. d4 {[%emt 0:00:00]} Nf6 {[%emt 0:03:26]} 2. Nf3 {[%emt 0:00:00]} c5 {[%emt 0:00:13]} 3. d5 {[%emt 0:00:16]} e6 {[%emt 0:00:48]} 4. c4 {[%emt 0:00:08]} exd5 {[%emt 0:00:09]} 5. cxd5 {[%emt 0:00:05]} d6 {[%emt 0:00:11]} 6. Nc3 {[%emt 0:02:22]} g6 {[%emt 0:00:13]} 7. g3 {[%emt 0:01:10]} Bg7 {[%emt 0:00:28]} 8. Bg2 {[%emt 0:00:43]} O-O {[%emt 0:00:11]} 9. O-O {[%emt 0:01:03]} Re8 {[%emt 0:01:38]} 10. Bf4 {[%emt 0:02:31]} Ne4 {[%emt 0:00:44]} 11. Nxe4 {[%emt 0:00:24]} Rxe4 {[%emt 0:00:05]} 12. Nd2 {[%emt 0:01:54]} Rxf4 {[%emt 0:00:14]} 13. gxf4 {[%emt 0:00:05]} Bxb2 {[%emt 0:00:21]} 14. Rb1 {[%emt 0:00:05]} Bg7 {[%emt 0:00:07]} 15. Qb3 {[%emt 0:06:10]} Na6 {[%emt 0:14:51]} 16. Nc4 {[%emt 0:06:10]} Rb8 {[%emt 0:06:44]} 17. a4 {[%emt 0:03:08]} Nb4 $11 {[%emt 0:01:43]} 18. e4 {[%emt 0:03:42]} b6 {[%emt 0:25:55]} 19. Rfe1 {[%emt 0:12:08]} Bh6 {[%emt 0:05:51]} 20. Qg3 {[%emt 0:12:38]} Ba6 {[%emt 0:03:41]} 21. Nxd6 {[%emt 0:17:31]} Qxd6 {[%emt 0:01:15]} 22. e5 {[%emt 0:00:38]} Qf8 {[%emt 0:03:46]} 23. Be4 {[%emt 0:05:11]} f5 {[%emt 0:08:49]} 24. exf6 {[%emt 0:00:50]} Qxf6 {[%emt 0:03:42]} 25. f5 {[%emt 0:00:43]} Qg5 {[%emt 0:01:59]} 26. fxg6 {[%emt 0:00:53]} Qxg3+ {[%emt 0:00:19]} 27. hxg3 {[%emt 0:00:29]} hxg6 {[%emt 0:00:08]} 28. Bxg6 {[%emt 0:00:29]} Rd8 {[%emt 0:03:32]} 29. Re7 {[%emt 0:02:04]} Rd6 {[%emt 0:05:47]} 30. Bh7+ {[%emt 0:04:08]} Kh8 {[%emt 0:00:53]} 31. Rbe1 {[%emt 0:02:38]} Bd2 {[%emt 0:01:48]} 32. R1e5 {[%emt 0:02:09]} Rxd5 {[%emt 0:00:36]} 33. R5e6 {[%emt 0:00:43]} Bc8 {[%emt 0:02:31]} 34. Rf6 {[%emt 0:01:15]} Rd8 {[%emt 0:00:30]} 35. Be4 {[%emt 0:05:53]} Bc3 {[%emt 0:01:33]} 36. Rg6 {[%emt 0:02:59]} Nd5 {[%emt 0:01:09]} 37. Rxa7 {[%emt 0:03:10]} Nf6 {[%emt 0:00:40]} 38. Bc2 {[%emt 0:00:33]} Be6 {[%emt 0:00:38]} 39. Rh6+ {[%emt 0:01:07]} Kg8 {[%emt 0:00:02]} 40. Bh7+ {[%emt 0:00:50]} Nxh7 {[%emt 0:01:17]} 41. Rxe6 {[%emt 0:00:02]} Nf8 {[%emt 0:01:03]} 42. Rxb6 {[%emt 0:00:11]} Bd4 {[%emt 0:00:14]} 43. Rc7 {[%emt 0:00:56]} Ra8 {[%emt 0:00:20]} 44. Rb3 {[%emt 0:00:52]} Rxa4 {[%emt 0:00:21]} 45. Rc8 {[%emt 0:00:33]} c4 {[%emt 0:00:35]} 46. Rf3 {[%emt 0:00:12]} Bg7 {[%emt 0:00:02]} 47. Rf4 {[%emt 0:00:52]} Ra1+ {[%emt 0:00:47]} 48. Kg2 {[%emt 0:00:01]} c3 {[%emt 0:00:08]} 49. Rg4 {[%emt 0:00:19]} Rc1 {[%emt 0:00:26]} 50. Rc7 {[%emt 0:00:19]} Ne6 {[%emt 0:00:07]} 51. Re7 {[%emt 0:00:07]} c2 {[%emt 0:00:36]} 52. Rc4 {[%emt 0:01:21]} Re1 {[%emt 0:00:23]} 53. Re8+ {[%emt 0:00:57]} Kf7 {[%emt 0:00:31]} 54. Rec8 {[%emt 0:00:06]} Nd4 {[%emt 0:00:21]} 55. R8c7+ {[%emt 0:00:59]} Re7 {[%emt 0:00:35]} 56. Rxc2 {[%emt 0:00:28]} Nxc2 {[%emt 0:00:01]} 57. Rxc2 {[%emt 0:00:02]} Ra7 {[%emt 0:00:23]} 58. Kh3 {[%emt 0:00:32]} Kg6 {[%emt 0:01:02]} 59. Kg2 {[%emt 0:00:23]} 1/2-1/2

[Event "NOR-ch Youth 2019"]
[Site "Skien"]
[Date "2019.11.10"]
[Round "7.10"]
[White "Tenold, Andreas"]
[Black "Abdrlauf, Elham"]
[Result "0-1"]
[WhiteElo "1838"]
[BlackElo "2244"]
[Annotator "NA"]
[PlyCount "40"]
[EventDate "2019.11.08"]
[EventType "swiss"]
[EventCountry "NOR"]
[SourceTitle "playchess.com"]
[Source "ChessBase"]
[SourceQuality "1"]
[TimeControl "5400+30"]

{[%evp 8,28,2,16,13,4,30,20,34,21,29,24,37,33,35,33,35,18,32767,32767,32767,-84,-68]} 1. e4 {[%emt 0:02:27]} c5 {[%emt 0:00:00]} 2. Nf3 {[%emt 0:00:07]} Nc6 {[%emt 0:00:50]} 3. Bb5 {[%emt 0:00:37]} g6 {[%emt 0:00:09]} 4. Bxc6 {[%emt 0:01:21]} bxc6 {[%emt 0:00:59]} 5. O-O {[%emt 0:00:30]} Bg7 {[%emt 0:00:01]} 6. Re1 {[%emt 0:01:04]} Nh6 {[%emt 0:01:44]} 7. c3 {[%emt 0:04:41]} O-O {[%emt 0:00:18]} 8. d4 {[%emt 0:02:48]} cxd4 {[%emt 0:00:13]} 9. cxd4 {[%emt 0:00:11]} f5 {[%emt 0:00:28]} 10. e5 {[%emt 0:04:46]} Nf7 {[%emt 0:01:07]} 11. Nc3 {[%emt 0:02:48]} e6 {[%emt 0:00:23]} 12. h4 {[%emt 0:07:55]} h6 {[%emt 0:00:35]} 13. Qd2 {[%emt 0:04:56]} d6 {[%emt 0:04:10]} 14. b3 $17 {[%emt 0:05:20] [#]} (14. exd6 $14 {stays ahead.} Qxd6 15. Qf4) 14... c5 $1 {[%emt 0:03:10]} 15. dxc5 {[%emt 0:08:36]} dxe5 {[%emt 0:00:34]} 16. Bb2 {[%emt 0:11:41]} e4 {[%emt 0:01:32]} 17. Qxd8 {[%emt 0:00:06]} Rxd8 {[%emt 0:00:03]} 18. Nh2 {[%emt 0:02:08]} Rd2 {[%emt 0:00:04]} 19. Rab1 {[%emt 0:09:49]} Rxb2 {[%emt 0:00:04]} 20. Rxb2 {[%emt 0:00:34]} Bxc3 {[%emt 0:00:03]} 0-1

[Event "NOR-ch Youth 2019"]
[Site "Skien"]
[Date "2019.11.10"]
[Round "7.11"]
[White "Shehzad, Shazil"]
[Black "Unneland, Mathias"]
[Result "1/2-1/2"]
[WhiteElo "2173"]
[BlackElo "2029"]
[Annotator "NA"]
[PlyCount "57"]
[EventDate "2019.11.08"]
[EventType "swiss"]
[EventCountry "NOR"]
[SourceTitle "playchess.com"]
[Source "ChessBase"]
[SourceQuality "1"]
[TimeControl "5400+30"]

1. e4 {[%emt 0:00:00]} e6 {[%emt 0:00:00]} 2. d4 {[%emt 0:00:00]} d5 {[%emt 0:00:00]} 3. Nd2 {[%emt 0:00:00]} c5 {[%emt 0:00:00]} 4. Ngf3 {[%emt 0:00:02]} cxd4 {[%emt 0:00:06]} 5. exd5 {[%emt 0:00:04]} Qxd5 {[%emt 0:00:08]} 6. Bc4 {[%emt 0:00:05]} Qd6 {[%emt 0:00:06]} 7. O-O {[%emt 0:00:21]} Nf6 {[%emt 0:00:05]} 8. Nb3 {[%emt 0:00:08]} Nc6 {[%emt 0:00:06]} 9. Nbxd4 {[%emt 0:00:23]} Nxd4 {[%emt 0:00:10]} 10. Nxd4 {[%emt 0:00:07]} Be7 {[%emt 0:00:08]} 11. Nb5 {[%emt 0:07:25]} Qc6 {[%emt 0:00:20]} 12. Qe2 {[%emt 0:07:56]} O-O {[%emt 0:05:12]} 13. Bf4 {[%emt 0:03:35]} a6 {[%emt 0:02:25]} 14. Nd4 {[%emt 0:01:31]} Qe4 {[%emt 0:11:21]} 15. Qxe4 {[%emt 0:00:59]} Nxe4 {[%emt 0:00:07]} 16. Rfe1 {[%emt 0:01:40]} Nf6 {[%emt 0:01:24]} 17. a4 {[%emt 0:03:28]} Rd8 {[%emt 0:00:27]} 18. c3 $11 {[%emt 0:04:15]} Bd7 {[%emt 0:06:06]} 19. Bb3 {[%emt 0:08:58]} Bc5 {[%emt 0:05:10]} 20. Rad1 {[%emt 0:03:51]} b5 {[%emt 0:03:45]} 21. axb5 {[%emt 0:03:50]} axb5 {[%emt 0:01:22]} 22. h3 {[%emt 0:06:44]} b4 {[%emt 0:06:48]} 23. c4 {[%emt 0:02:12]} Bc8 {[%emt 0:03:18]} 24. Nc2 {[%emt 0:03:30]} Bb7 {[%emt 0:03:31]} 25. Be3 {[%emt 0:08:28]} Ne4 {[%emt 0:01:20]} 26. Ba4 {[%emt 0:17:32]} Bxe3 {[%emt 0:02:45]} 27. Nxe3 {[%emt 0:01:13]} Nc5 {[%emt 0:00:11]} 28. Bb5 {[%emt 0:01:27]} h6 {[%emt 0:00:46]} 29. f3 {[%emt 0:12:40]} 1/2-1/2

[Event "NOR-ch Youth 2019"]
[Site "Skien"]
[Date "2019.11.10"]
[Round "7.12"]
[White "Oye-Stromberg, Alexander"]
[Black "Evenshaug, Amadeus Hestvik"]
[Result "1-0"]
[WhiteElo "1980"]
[BlackElo "1711"]
[Annotator "NA"]
[PlyCount "45"]
[EventDate "2019.11.08"]
[EventType "swiss"]
[EventCountry "NOR"]
[SourceTitle "playchess.com"]
[Source "ChessBase"]
[SourceQuality "1"]
[TimeControl "5400+30"]

{[%evp 8,26,116,83,79,76,102,70,94,83,106,95,107,87,109,71,82,65,32767,32767,92]} 1. e4 {[%emt 0:00:00]} c6 {[%emt 0:00:04]} 2. d4 {[%emt 0:00:00]} d5 {[%emt 0:00:04]} 3. f3 {[%emt 0:00:00]} dxe4 {[%emt 0:02:37]} 4. fxe4 {[%emt 0:00:00]} Nf6 {[%emt 0:00:24]} 5. e5 {[%emt 0:00:00]} Nd5 {[%emt 0:00:05]} 6. Nf3 {[%emt 0:00:02]} Bg4 {[%emt 0:00:27]} 7. Be2 {[%emt 0:00:08]} e6 {[%emt 0:00:33]} 8. O-O {[%emt 0:00:07]} Be7 {[%emt 0:00:31]} 9. c4 {[%emt 0:02:39]} Nb6 {[%emt 0:00:25]} 10. Nc3 {[%emt 0:00:58]} O-O {[%emt 0:02:51]} 11. Be3 {[%emt 0:03:08]} N8d7 {[%emt 0:03:36]} 12. Ne4 {[%emt 0:11:00]} Qc7 {[%emt 0:07:54]} 13. Bf4 {[%emt 0:08:51]} Bf5 $16 {[%emt 0:09:49]} 14. Ng3 {[%emt 0:07:32]} Bg6 {[%emt 0:02:57]} 15. h4 {[%emt 0:02:28]} h6 {[%emt 0:04:02]} 16. Qd2 {[%emt 0:05:07]} Rfd8 {[%emt 0:05:54]} 17. h5 {[%emt 0:08:13]} Bh7 {[%emt 0:02:41]} 18. Rad1 {[%emt 0:00:09]} Bf8 {[%emt 0:07:20]} 19. Bd3 {[%emt 0:07:49]} Bxd3 {[%emt 0:04:32]} 20. Qxd3 {[%emt 0:00:10]} Nb8 {[%emt 0:07:40]} 21. Ne4 {[%emt 0:07:54]} Na6 {[%emt 0:08:05]} 22. Bxh6 {[%emt 0:03:56]} gxh6 {[%emt 0:02:19]} 23. Nf6+ {[%emt 0:00:11]} 1-0

[Event "NOR-ch Youth 2019"]
[Site "Skien"]
[Date "2019.11.10"]
[Round "7.13"]
[White "Eliseev, Sergey"]
[Black "Lye, Sverre"]
[Result "1/2-1/2"]
[WhiteElo "1911"]
[BlackElo "1779"]
[Annotator "NA"]
[PlyCount "79"]
[EventDate "2019.11.08"]
[EventType "swiss"]
[EventCountry "NOR"]
[SourceTitle "playchess.com"]
[Source "ChessBase"]
[SourceQuality "1"]
[TimeControl "5400+30"]

1. d4 {[%emt 0:00:00]} Nf6 {[%emt 0:00:28]} 2. Nf3 {[%emt 0:00:00]} g6 {[%emt 0:00:27]} 3. Bg5 {[%emt 0:00:00]} Bg7 {[%emt 0:00:20]} 4. Nbd2 {[%emt 0:00:00]} O-O {[%emt 0:02:05]} 5. e4 {[%emt 0:00:17]} d6 {[%emt 0:02:11]} 6. c3 {[%emt 0:06:49]} Nbd7 {[%emt 0:02:38]} 7. Bd3 $11 {[%emt 0:09:16]} c5 {[%emt 0:02:41]} 8. d5 {[%emt 0:03:22]} Rb8 {[%emt 0:11:15]} 9. a4 {[%emt 0:01:32]} Ne8 {[%emt 0:05:14]} 10. Nc4 {[%emt 0:01:32]} Ndf6 {[%emt 0:06:34]} 11. Qd2 {[%emt 0:07:34]} Bg4 {[%emt 0:02:52]} 12. Qf4 {[%emt 0:04:33]} Bd7 {[%emt 0:10:18]} 13. a5 {[%emt 0:11:18]} b5 {[%emt 0:07:11]} 14. axb6 {[%emt 0:00:25]} axb6 {[%emt 0:00:18]} 15. Bh6 {[%emt 0:00:48]} b5 {[%emt 0:02:21]} 16. Bxg7 {[%emt 0:02:48]} Kxg7 {[%emt 0:04:03]} 17. Ncd2 {[%emt 0:10:44]} e6 {[%emt 0:05:53]} 18. dxe6 {[%emt 0:05:58]} Bxe6 {[%emt 0:01:05]} 19. O-O {[%emt 0:03:37]} Nd7 {[%emt 0:08:19]} 20. Ra7 {[%emt 0:02:50]} h6 {[%emt 0:05:08]} 21. b4 {[%emt 0:03:38]} g5 {[%emt 0:04:28]} 22. Qg3 {[%emt 0:01:14]} Qf6 {[%emt 0:00:53]} 23. e5 {[%emt 0:05:54]} Nxe5 {[%emt 0:01:59]} 24. Nxe5 {[%emt 0:00:19]} Qxe5 {[%emt 0:00:31]} 25. Qxe5+ {[%emt 0:00:19]} dxe5 {[%emt 0:00:09]} 26. bxc5 {[%emt 0:03:34]} Rd8 {[%emt 0:01:20]} 27. Bxb5 {[%emt 0:06:27]} Rxd2 {[%emt 0:00:07]} 28. Rc1 {[%emt 0:04:38]} Nf6 {[%emt 0:03:08]} 29. c6 {[%emt 0:00:51]} Nd5 {[%emt 0:01:16]} 30. c4 {[%emt 0:00:43]} Nb6 {[%emt 0:00:40]} 31. h3 {[%emt 0:01:36]} Rc8 {[%emt 0:02:14]} 32. Rb7 {[%emt 0:00:19]} Nxc4 {[%emt 0:00:42]} 33. Rxc4 {[%emt 0:02:31]} Bxc4 {[%emt 0:00:14]} 34. Bxc4 {[%emt 0:00:01]} Rxc6 {[%emt 0:00:23]} 35. Bxf7 {[%emt 0:00:48]} Rc1+ {[%emt 0:00:23]} 36. Kh2 {[%emt 0:00:04]} Rxf2 {[%emt 0:00:08]} 37. Bd5+ {[%emt 0:00:55]} Kg6 {[%emt 0:04:19]} 38. Be4+ {[%emt 0:00:17]} Kf6 {[%emt 0:00:57]} 39. Rb6+ {[%emt 0:00:18]} Kg7 40. Rg6+ 1/2-1/2

[Event "NOR-ch Youth 2019"]
[Site "Skien"]
[Date "2019.11.10"]
[Round "7.14"]
[White "Nordquelle, Amelia"]
[Black "Austad, Eirik"]
[Result "0-1"]
[WhiteElo "1670"]
[BlackElo "1753"]
[Annotator "NA"]
[PlyCount "72"]
[EventDate "2019.11.08"]
[EventType "swiss"]
[EventCountry "NOR"]
[SourceTitle "playchess.com"]
[Source "ChessBase"]
[SourceQuality "1"]
[TimeControl "5400+30"]

1. d4 {[%emt 0:03:42]} Nf6 {[%emt 0:00:10]} 2. c4 {[%emt 0:00:36]} g6 {[%emt 0:01:23]} 3. Nc3 {[%emt 0:00:50]} Bg7 {[%emt 0:00:36]} 4. g3 {[%emt 0:02:08]} O-O {[%emt 0:04:06]} 5. Bg2 {[%emt 0:00:43]} d6 {[%emt 0:01:13]} 6. e4 {[%emt 0:04:32]} Na6 {[%emt 0:09:59]} 7. Nge2 {[%emt 0:04:05]} c5 {[%emt 0:18:16]} 8. d5 {[%emt 0:04:34]} e5 {[%emt 0:03:14]} 9. O-O {[%emt 0:04:49]} Nc7 {[%emt 0:01:35]} 10. f4 {[%emt 0:09:02]} exf4 {[%emt 0:07:23]} 11. gxf4 {[%emt 0:03:24]} Nd7 {[%emt 0:07:17]} 12. Qd3 {[%emt 0:05:35]} Rb8 {[%emt 0:04:27]} 13. Be3 {[%emt 0:04:45]} a6 {[%emt 0:02:47]} 14. a4 {[%emt 0:01:39]} b6 {[%emt 0:03:40]} 15. Rfe1 {[%emt 0:09:27]} Nf6 {[%emt 0:11:42]} 16. h3 {[%emt 0:03:50]} Nh5 {[%emt 0:01:46]} 17. Kh2 {[%emt 0:10:12]} f5 {[%emt 0:01:16]} 18. Rf1 {[%emt 0:04:19]} fxe4 {[%emt 0:01:05]} 19. Bxe4 {[%emt 0:00:49]} Qh4 {[%emt 0:01:59]} 20. Bf2 {[%emt 0:01:01]} Qe7 {[%emt 0:01:29]} 21. Be3 {[%emt 0:03:54]} Bf5 {[%emt 0:02:10]} 22. Bxf5 {[%emt 0:06:54]} Rxf5 {[%emt 0:00:33]} 23. Rae1 {[%emt 0:01:10]} Re8 {[%emt 0:01:06]} 24. Ng3 {[%emt 0:03:18]} Nxg3 {[%emt 0:00:35]} 25. Kxg3 {[%emt 0:00:17]} Qd7 {[%emt 0:01:23]} 26. Kh2 {[%emt 0:01:28]} Ref8 {[%emt 0:00:54]} 27. Ne4 {[%emt 0:02:25]} Bh6 {[%emt 0:01:28]} 28. Qb3 {[%emt 0:02:34]} b5 {[%emt 0:02:51]} 29. axb5 {[%emt 0:01:24]} axb5 {[%emt 0:00:41]} 30. cxb5 {[%emt 0:00:53]} Nxb5 {[%emt 0:01:50]} 31. Kg3 {[%emt 0:00:31]} Nd4 {[%emt 0:03:00]} 32. Qc4 {[%emt 0:00:28]} Rh5 {[%emt 0:00:35]} 33. Nf2 {[%emt 0:00:40]} Nf5+ {[%emt 0:00:11]} 34. Kf3 {[%emt 0:00:16]} Nxe3 {[%emt 0:00:21]} 35. Kxe3 {[%emt 0:00:06]} Rxf4 {[%emt 0:00:37]} 36. Qe2 {[%emt 0:00:46]} Re5+ {[%emt 0:00:16]} 0-1

[Event "NOR-ch Youth 2019"]
[Site "Skien"]
[Date "2019.11.10"]
[Round "7.15"]
[White "Kvaloy, Aksel Bu"]
[Black "Tunsjo, Axel"]
[Result "1/2-1/2"]
[WhiteElo "2209"]
[BlackElo "2038"]
[Annotator "NA"]
[PlyCount "49"]
[EventDate "2019.11.08"]
[EventType "swiss"]
[EventCountry "NOR"]
[SourceTitle "playchess.com"]
[Source "ChessBase"]
[SourceQuality "1"]
[TimeControl "5400+30"]

1. e4 {[%emt 0:03:23]} c5 {[%emt 0:00:32]} 2. Nf3 {[%emt 0:00:04]} e6 {[%emt 0:00:04]} 3. d4 {[%emt 0:00:11]} cxd4 {[%emt 0:00:07]} 4. Nxd4 {[%emt 0:00:05]} Nc6 {[%emt 0:00:05]} 5. Nc3 {[%emt 0:00:07]} Qc7 {[%emt 0:00:06]} 6. Be3 {[%emt 0:00:12]} a6 {[%emt 0:00:22]} 7. a3 {[%emt 0:00:13]} Nf6 {[%emt 0:01:05]} 8. f4 {[%emt 0:00:12]} d6 {[%emt 0:03:29]} 9. Qf3 {[%emt 0:00:20]} Bd7 {[%emt 0:03:18]} 10. O-O-O {[%emt 0:08:09]} Nxd4 {[%emt 0:00:46]} (10... Rc8 $11 {keeps the balance.}) 11. Bxd4 $16 {[%emt 0:00:31]} Be7 {[%emt 0:17:51]} 12. Rg1 {[%emt 0:05:45]} h5 {[%emt 0:14:03]} 13. h3 {[%emt 0:09:33]} h4 {[%emt 0:01:56]} 14. g4 {[%emt 0:01:38]} e5 {[%emt 0:08:17]} 15. Be3 {[%emt 0:06:54]} Rc8 {[%emt 0:03:45]} 16. Qf2 {[%emt 0:08:38]} Bc6 {[%emt 0:04:48]} 17. Bb6 {[%emt 0:12:23]} Qb8 {[%emt 0:00:24]} 18. fxe5 {[%emt 0:02:32]} dxe5 {[%emt 0:03:46]} 19. Bc4 {[%emt 0:01:35]} Rf8 {[%emt 0:04:57]} 20. Rgf1 {[%emt 0:03:45]} Bxe4 {[%emt 0:00:50]} 21. Bxf7+ {[%emt 0:06:25]} Kxf7 {[%emt 0:00:08]} 22. Nxe4 {[%emt 0:01:07]} Kg8 {[%emt 0:00:06]} 23. Qe2 {[%emt 0:06:57]} Rc6 {[%emt 0:01:45]} 24. Nxf6+ {[%emt 0:01:22]} Bxf6 {[%emt 0:02:20]} 25. Be3 {[%emt 0:04:32]} 1/2-1/2